Alle VY's Stasjoner - Statistics

General Stats
  • This quiz has been taken 4 times
  • The average score is 245 of 296
Answer Stats
Linje Stasjon % Correct
F4 Ål
100%
F4 | L4 | R40 Arna
100%
R21 Ås
100%
F4 | L1 | R12 | +4 others Asker
100%
R22 Askim
100%
F4 | L4 | R40 Bergen
100%
RE10 Brumunddal
100%
RE10 Dombås
100%
RE10 Dovre
100%
F4 | R12 | R13 | +2 others Drammen
100%
RE20 Ed
100%
R22 Eidsberg
100%
R14 Fetsund
100%
F4 Finse
100%
F4 Flå
100%
RE20 Fredrikstad
100%
F4 Geilo
100%
R31 | RE30 Gjøvik
100%
F4 Gol
100%
RE20 Göteborg
100%
R31 | RE30 Gran
100%
L2 Greverud
100%
L1 Grorud
100%
RE20 Halden
100%
RE10 Hamar
100%
L2 | L2X Hauketo
100%
R22 Heia
100%
RE20 Helsingborg
100%
F4 | R12 Hokksund
100%
RE11 Holmestrand
100%
L2 | L2X Holmlia
100%
L1 Høn
100%
F4 Hønefoss
100%
RE10 Hunderfossen
100%
R31 | RE30 Jaren
100%
R13 Jessheim
100%
R21 Kambo
100%
R13 Kløfta
100%
R22 Knapstad
100%
L2 | L2X Kolbotn
100%
R12 Kongsberg
100%
R14 Kongsvinger
100%
R22 Kråkstad
100%
RE11 Larvik
100%
RE10 Lillehammer
100%
L1 | R12 | R13 | +3 others Lillestrøm
100%
L2 Ljan
100%
L1 Lørenskog
100%
R31 | RE30 Lunner
100%
L1 | L2 | R12 | +4 others Lysaker
100%
RE20 Malmö
100%
R12 Mjøndalen
100%
RE10 Moelv
100%
R21 | RE20 Moss
100%
R22 Mysen
100%
L1 | L2 | R12 | +4 others Nationaltheatret
100%
F4 Nesbyen
100%
R31 | RE30 Nittedal
100%
L2 Nordstrand
100%
R55 Notodden
100%
L2 | L2X Oppegård
100%
F4 | L1 | L2 | +12 others Oslo S
100%
RE10 Otta
100%
R55 | RE11 Porsgrunn
100%
RE20 Råde
100%
R22 Rakkestad
100%
R31 | RE30 Raufoss
100%
RE10 Ringebu
100%
L2 Rosenholm
100%
RE20 Rygge
100%
RE11 Sande
100%
RE11 Sandefjord
100%
F4 | L1 | R12 | +4 others Sandvika
100%
RE20 Sarpsborg
100%
R14 Skarnes
100%
L2 | L2X | R21 | +3 others Ski
100%
R55 | RE11 Skien
100%
R22 Skotbu
100%
L1 | L2 | R12 | +4 others Skøyen
100%
R22 Slitu
100%
L2 Solbråtan
100%
R21 Sonsveien
100%
R14 Sørumsand
100%
R22 Spydeberg
100%
RE10 Stange
100%
RE10 Tangen
100%
R22 Tomter
100%
RE11 Tønsberg
100%
F4 Ustaoset
100%
R21 Vestby
100%
F4 Vikersund
100%
RE10 Vinstra
100%
L1 Alna
67%
R31 Åneby
67%
R14 Årnes
67%
R14 Auli
67%
R45 Berekvam
67%
L1 Billingstad
67%
R14 Blaker
67%
R31 | RE30 Bleiken
67%
R45 Blomheller
67%
L1 Blommenholm
67%
R14 Bodung
67%
L1 Bondivann
67%
R13 Brakerøya
67%
L1 Bryn
67%
R13 Dal
67%
F4 | R40 Dale
67%
R12 Darbu
67%
R12 | RE10 | RE11 Eidsvoll
67%
R12 | RE11 Eidsvoll Verk
67%
R31 | RE30 Eina
67%
L1 Fjellhamar
67%
R45 Flåm
67%
R13 Frogner
67%
R31 | RE30 Grefsen
67%
R31 | RE30 Grua
67%
L1 Gullhella
67%
R12 Gulskogen
67%
R14 Haga
67%
R31 Hakadal
67%
F4 Hallingskeid
67%
RE20 Halmstad
67%
L1 Hanaborg
67%
R31 | RE30 Harestua
67%
R13 Hauerseter
67%
F4 Haugastøl
67%
L1 Haugenstua
67%
L1 Heggedal
67%
L1 Høvik
67%
L1 Høybråten
67%
L1 Hvalstad
67%
R31 | RE30 Kjelsås
67%
RE10 Kvam
67%
L2 Langhus
67%
R13 Leirsund
67%
R13 Lier
67%
R13 Lindeberg
67%
RE20 Lund
67%
R31 Movatn
67%
F4 | R40 | R45 Myrdal
67%
L2 Myrvoll
67%
R14 Nerdrum
67%
R55 Nordagutu
67%
R13 Nordby
67%
RE30 Nydalen
67%
L1 Nyland
67%
R12 | RE10 | RE11 Oslo Lufthavn
67%
R14 Rånåsfoss
67%
R31 | RE30 Reinsvoll
67%
R31 | RE30 Roa
67%
L1 Røyken
67%
L1 Sagdalen
67%
RE11 Skoppum
67%
L1 Slependen
67%
R31 Snippen
67%
L1 Spikkestad
67%
L1 | L2 Stabekk
67%
R40 Stanghelle
67%
R12 Steinberg
67%
RE11 Stokke
67%
L1 Strømmen
67%
R31 | RE30 Stryken
67%
R14 Svingen
67%
RE11 Torp
67%
R31 Tøyen
67%
RE20 Trollhättan
67%
R14 Tuen
67%
R40 Upsete
67%
R40 Urdland
67%
L1 Vakås
67%
R31 Varingskollen
67%
R12 Vestfossen
67%
L2 | L2X Vevelstad
67%
F4 | R40 Voss
67%
R40 Bolstadøyri
33%
R40 Bulken
33%
R40 Evanger
33%
R40 Gjerdåker
33%
R45 Håreina
33%
R45 Kjosfossen
33%
R40 Kløve
33%
RE10 Kvitfjell
33%
R40 Ljosanbotn
33%
R40 Mjølfjell
33%
R55 Nisterud
33%
R40 Ørneberget
33%
R40 Øyeflaten
33%
R40 Reimegrend
33%
R45 Reinunga
33%
R40 Seimsgrend
33%
R40 Skiple
33%
R40 Trengereid
33%
R55 Trykkerud
33%
R40 Vaksdal
33%
RE20 Varberg
33%
R45 Vatnahalsen
33%
R40 Vieren
33%
R40 Ygre
33%
R45 Lunden
0%
No matching quizzes found
Score Distribution
Percent of People with Each Score
Percentile by Number Answered
Your Score History
You have not taken this quiz